Quizz Guerre de Territoire V1-V2-V3-V4 - Statistiques

Statistiques générales
  • Ce quiz a été pris 8 fois
  • Le résultat moyen est 2 sur 38
Statistiques - réponses
Hint Réponse % Correct
Premier dirigeant de la Loraine (GdT1) Comium 1er
67%
Premier chef de Gdanksie (GdT4) Lewandowski 1er
67%
Premier pays à maitriser la bombe nucléaire (GdT1) Empire Hédachien
33%
Homme d'Etat Rwisse ayant pris possession de force d'un territoire en Afrique (GdT3) Wiss Roukout
33%
Empire du Nord-Est (GdT2) Aile d'Orion
0%
Capitale de la Latrie (GdT1) Amagus
0%
Contient sur lequel réside l'empire Gradis (GdT4) Antarctique
0%
Empire situé au Nord-Ouest (GdT2) Arcana
0%
Pays qu'absolument tout le monde a négligé (il n'a même pas de salon) (GdT3) Chotor Oriental
0%
Empire de la reine Lou-Ann (GdT2) Coeurillade
0%
Première conférence proposant l'idée d'un partage de l'Afrique (GdT3) Conférence de Òrkcë
0%
Conférence ou il y est dit que l'Otarsie doit être le pôle du commerce mondial (GdT3) Conférence d'Otarsie
0%
Le pays dont Komper est le dirigeant (GdT3) Diometiris
0%
Continent ajouté (GdT4) Döggerland
0%
Dirigeant qui aurait dit : "J'ordonne la PLS générale, vive la paix letsgooo" (GdT1) Doryan II
0%
Mamad ? Doubaled III
0%
Empire indépendant de l'Empire Tartwissien pendant près de 8 années (8 tours) (GdT1) Empire Japonais
0%
Premier conflit majeur (GdT1) Guerre du Nil
0%
Président incapable selon le Général Astate (GdT3) Hubert Dial
0%
Pays qu'absolument tout le monde a négligé (il n'a même pas de salon) (GdT3) Jadgi
0%
Archipel perdu (GdT3) Kadlaveli
0%
Dirigeant qui a déclaré l'indépendance de son territoire face au Koradon Kai
0%
Continent ajouté (GdT4) Kerguelen
0%
Livre écrit par le roi Rwisse (GdT3) l'Art du Charlatanisme
0%
Colonie entre la Rwissie et le K.Lama (GdT3) Latypus
0%
Pays a qui le Diamède appartient (GdT3) Otarsie
0%
Peuple persécuté par la Nouvelle Tartutie (GdT1) Peuple Proxinil
0%
Capitale d'Arcana (GdT2) Piou
0%
Dernier chef de l'URSS (GdT1) Poutine Lewide
0%
Pays qu'absolument tout le monde a négligé (il n'a même pas de salon) (GdT3) Principauté d'Orientalys
0%
Lieu du Duel Légendaire entre le général Tantale et les 35 résidents de capelli (GdT3) Rabka
0%
Pays créé pour réprimer Diometiris (GdT3) République d'Ali
0%
Royauté créé grâce a une revenue en bateau (GdT3) Royauté Koradon
0%
Maladie de Tartus (GdT1) Schizophrénie
0%
Pays qu'absolument tout le monde a négligé (il n'a même pas de salon) (GdT1) Sri Lanka
0%
Traité qui a permis à Madraga d'avoir des colonies en Amérique du Nord (GdT3) Traité de Poli
0%
Pays qu'absolument tout le monde a négligé (il n'a même pas de salon) (GdT3) Valastratis
0%
Continent ajouté (GdT4) Zélandia
0%
Aucun quiz correspondant
Distribution des résultats
% des personnes avec chaque résultat
Percentile par nombre de réponses
Votre historique - résultats
Vous n’avez pas pris ce quiz